[Event "Schleswig Holstein-ch Seniors op"]
[Site "Buesum"]
[Date "2014.09.30"]
[Round "6"]
[White "Burckhardt, Karl"]
[Black "Krneta, Slavko"]
[Result "0-1"]
[WhiteElo "1938"]
[BlackElo "1891"]
[PlyCount "78"]
[EventDate "2014.09.25"]
[EventType "swiss"]
[EventRounds "9"]
[EventCountry "GER"]
[SourceTitle "EXT 2018"]
[Source "ChessBase"]
[SourceDate "2017.10.13"]
[SourceVersion "1"]
[SourceVersionDate "2017.10.13"]
[SourceQuality "1"]

1. e4 e6 2. d4 d5 3. Nc3 Nf6 4. e5 Nfd7 5. Qg4 c5 6. Be3 Nc6 7. Nf3 Qb6 8. 0-0-0 c4 9. Ng5 Nd8 10. Nf3 Qc6 11. Bg5 Nb6 12. Bxd8 Kxd8 13. Ng5 Ke8 14. Be2 Na4 15. Qf3 Nxc3 16. Qxf7+ Kd8 17. bxc3 Ba3+ 18. Kd2 Rf8 19. Qxg7 Qd7 20. Qxd7+ Bxd7 21. Nh3 b5 22. f4 Rb8 23. Rb1 Rb6 24. Ke3 Ra6 25. Nf2 Be7 26. Rb2 Ba3 27. Rbb1 Be7 28. Rb2 Ra3 29. Nd1 b4 30. g3 Kc7 31. Kf2 bxc3 32. Nxc3 Rxc3 33. Rhb1 Bc6 34. a4 a5 35. Bg4 Ba3 36. Rb6 Bb4 37. R6xb4 axb4 38. Rxb4 Rxc2+ 39. Kg1 Bd7 0-1

[Event "Schleswig Holstein-ch Seniors op"]
[Site "Buesum"]
[Date "2014.09.27"]
[Round "3"]
[White "Limberg, Siegfried"]
[Black "Burckhardt, Karl"]
[Result "1/2-1/2"]
[WhiteElo "2076"]
[BlackElo "1938"]
[PlyCount "81"]
[EventDate "2014.09.25"]
[EventType "swiss"]
[EventRounds "9"]
[EventCountry "GER"]
[SourceTitle "EXT 2018"]
[Source "ChessBase"]
[SourceDate "2017.10.13"]
[SourceVersion "1"]
[SourceVersionDate "2017.10.13"]
[SourceQuality "1"]

1. Nf3 f5 2. d4 Nf6 3. g3 e6 4. Bg2 d5 5. 0-0 Be7 6. b3 0-0 7. Bb2 Nbd7 8. Nbd2 Ne4 9. e3 c5 10. c4 b6 11. Ne5 Nxe5 12. dxe5 Bb7 13. Qc2 Nxd2 14. Qxd2 Qd7 15. Rfd1 Rad8 16. Qc3 Qc7 17. Rac1 dxc4 18. Qxc4 Kf7 19. Bxb7 Qxb7 20. Qe2 g6 21. h4 h5 22. f3 Rxd1+ 23. Rxd1 Rd8 24. Kf2 Rxd1 25. Qxd1 Qd5 26. Qe2 Bd8 27. Bc3 Be7 28. Kg2 Kg7 29. Kh2 Bd8 30. e4 fxe4 31. fxe4 Qd7 32. Bd2 Qf7 33. Bf4 Bxh4 34. Qd2 Be7 35. Kg2 Bf8 36. Bh6+ Kg8 37. Qd8 Qe7 38. Qb8 g5 39. Bxf8 Qxf8 40. Qxa7 Qd8 41. Qa6 1/2-1/2

[Event "Schleswig Holstein-ch Seniors op"]
[Site "Buesum"]
[Date "2014.09.25"]
[Round "1"]
[White "Vierling, Paul"]
[Black "Burckhardt, Karl"]
[Result "0-1"]
[WhiteElo "1535"]
[BlackElo "1938"]
[PlyCount "44"]
[EventDate "2014.09.25"]
[EventType "swiss"]
[EventRounds "9"]
[EventCountry "GER"]
[SourceTitle "EXT 2018"]
[Source "ChessBase"]
[SourceDate "2017.10.13"]
[SourceVersion "1"]
[SourceVersionDate "2017.10.13"]
[SourceQuality "1"]

1. e4 d5 2. Bd3 e5 3. Nf3 Nc6 4. c3 Bg4 5. h3 Bh5 6. 0-0 Nf6 7. Re1 Bd6 8. Bb5 dxe4 9. Bxc6+ bxc6 10. g4 exf3 11. gxh5 Nxh5 12. Qxf3 Qg5+ 13. Kf1 0-0 14. d3 Nf4 15. Bxf4 exf4 16. Qg4 Qd5 17. d4 Qh1+ 18. Qg1 Qxh3+ 19. Qg2 Qd3+ 20. Kg1 f3 21. Qf1 Qg6+ 22. Kh1 Qh5+ 0-1

[Event "Hessen-ch Seniors op 10th"]
[Site "Bad Sooden-Allendorf"]
[Date "2014.04.30"]
[Round "5"]
[White "Berger, Volkmar"]
[Black "Burckhardt, Karl"]
[Result "1/2-1/2"]
[WhiteElo "1777"]
[BlackElo "1954"]
[PlyCount "105"]
[EventDate "2014.04.26"]
[EventType "swiss"]
[EventRounds "9"]
[EventCountry "GER"]
[SourceTitle "EXT 2018"]
[Source "ChessBase"]
[SourceDate "2017.10.13"]
[SourceVersion "1"]
[SourceVersionDate "2017.10.13"]
[SourceQuality "1"]

1. d4 e5 2. dxe5 Nc6 3. Nf3 Qe7 4. Nc3 Nxe5 5. Nd5 Nxf3+ 6. gxf3 Qd8 7. Bg5 f6 8. Bf4 d6 9. Qd4 c6 10. Qe4+ Ne7 11. Nxe7 Bxe7 12. 0-0-0 d5 13. Qd3 Qa5 14. Kb1 Be6 15. Rg1 g6 16. h4 c5 17. Bd2 Qb6 18. e3 c4 19. Qd4 Qxd4 20. exd4 Kf7 21. Re1 b5 22. c3 a5 23. b3 b4 24. Kb2 cxb3 25. Kxb3 a4+ 26. Kb2 bxc3+ 27. Bxc3 Rab8+ 28. Kc2 f5 29. h5 gxh5 30. f4 Rhc8 31. Rg3 Rb6 32. Rge3 Bb4 33. Kd2 Bxc3+ 34. Rxc3 Rb2+ 35. Kd3 Rxc3+ 36. Kxc3 Rxa2 37. Re2 Ra1 38. Bg2 Rc1+ 39. Rc2 Rxc2+ 40. Kxc2 Ke7 41. Kc3 Kd6 42. Kb4 Bd7 43. Bf1 h4 44. Bh3 Ke6 45. Bg2 Bc6 46. Bf1 Kf6 47. Bh3 Kg6 48. Bf1 Kh6 49. Bg2 Kg6 50. Bf1 Kf6 51. Bg2 Ke6 52. Bf1 Be8 53. Bg2 1/2-1/2

[Event "Hessen-ch Seniors op 08th"]
[Site "Bad Sooden-Allendorf"]
[Date "2012.04.22"]
[Round "9"]
[White "Viererbe, Hartmut"]
[Black "Burckhardt, Karl"]
[Result "1-0"]
[WhiteElo "1884"]
[BlackElo "1988"]
[PlyCount "53"]
[EventDate "2012.04.14"]
[EventType "swiss"]
[EventRounds "9"]
[EventCountry "GER"]
[SourceTitle "EXT 2019"]
[Source "ChessBase"]
[SourceDate "2018.10.10"]
[SourceVersion "1"]
[SourceVersionDate "2018.10.10"]
[SourceQuality "1"]

1. Nf3 f5 2. d4 Nf6 3. c4 e6 4. Bg5 Bb4+ 5. Nc3 0-0 6. Qc2 h6 7. Bxf6 Qxf6 8. a3 Bxc3+ 9. Qxc3 c5 10. e3 cxd4 11. exd4 d5 12. c5 Nc6 13. b4 a6 14. b5 axb5 15. Bxb5 Bd7 16. 0-0 g5 17. Bxc6 Bxc6 18. Ne5 Rfc8 19. Rfb1 Ra7 20. Rb6 Qe7 21. Qh3 Kg7 22. g4 f4 23. Qd3 Be8 24. Re1 Ra6 25. Rxa6 bxa6 26. Qxa6 Kf6 27. Qxc8 1-0

[Event "Hessen-ch Seniors op 08th"]
[Site "Bad Sooden-Allendorf"]
[Date "2012.04.19"]
[Round "6"]
[White "Burckhardt, Karl"]
[Black "Heinzel, Peter"]
[Result "0-1"]
[WhiteElo "1988"]
[BlackElo "2103"]
[PlyCount "110"]
[EventDate "2012.04.14"]
[EventType "swiss"]
[EventRounds "9"]
[EventCountry "GER"]
[SourceTitle "EXT 2019"]
[Source "ChessBase"]
[SourceDate "2018.10.10"]
[SourceVersion "1"]
[SourceVersionDate "2018.10.10"]
[SourceQuality "1"]

1. e4 b6 2. d4 Bb7 3. Bd3 e6 4. Nf3 c5 5. 0-0 Nf6 6. Re1 d6 7. d5 e5 8. Bg5 Be7 9. Nbd2 0-0 10. Nf1 Nxd5 11. Bxe7 Nxe7 12. Ng3 Nd7 13. Qd2 Qc7 14. Rad1 Rad8 15. Nh4 Nf6 16. Nhf5 Bc8 17. c4 Bxf5 18. Nxf5 Nc6 19. Qg5 Ne8 20. Re3 f6 21. Qh4 Nd4 22. Rh3 g5 23. Qg4 Nxf5 24. Qxf5 Qd7 25. Qxd7 Rxd7 26. Be2 Ng7 27. Rhd3 f5 28. exf5 Nxf5 29. Bg4 Rdf7 30. f3 Nd4 31. Re3 Rf6 32. Kf2 Rf4 33. Kg3 h5 34. Bxh5 Nf5+ 35. Kf2 Nxe3 36. Kxe3 Rd8 37. Bg4 Kf7 38. b3 Ke7 39. h4 gxh4 40. Rh1 Rh8 41. g3 Rd4 42. gxh4 a6 43. h5 Rh6 44. Bc8 a5 45. Bb7 Kf6 46. Be4 a4 47. f4 axb3 48. axb3 exf4+ 49. Kxf4 b5 50. Ke3 bxc4 51. bxc4 Rxc4 52. Bg6 Rb4 53. Rf1+ Ke6 54. Kd3 Rxg6 55. hxg6 Rg4 0-1

[Event "MVP-ch Seniors op 11th"]
[Site "Binz"]
[Date "2011.12.08"]
[Round "9.44"]
[White "Burckhardt, Karl"]
[Black "Merettig, Georg"]
[Result "1-0"]
[WhiteElo "1774"]
[BlackElo "1635"]
[PlyCount "80"]
[EventDate "2011.11.30"]
[EventType "swiss"]
[EventRounds "9"]
[EventCountry "GER"]
[SourceTitle "EXT 2013"]
[Source "ChessBase"]
[SourceDate "2012.11.22"]
[SourceVersion "1"]
[SourceVersionDate "2012.11.22"]
[SourceQuality "1"]

1. e4 Nc6 2. d4 e5 3. d5 Nce7 4. Nf3 d6 5. Be2 f5 6. Nc3 Nf6 7. exf5 Bxf5 8. Nh4 Bd7 9. Be3 Nf5 10. Nxf5 Bxf5 11. h3 Be7 12. Qd2 c6 13. 0-0-0 0-0 14. Bc4 Kh8 15. f3 b5 16. Bd3 Bxd3 17. Qxd3 b4 18. Ne4 Nxd5 19. Bd2 a5 20. h4 a4 21. Ng5 Nf6 22. Ne6 Qb6 23. Nxf8 Bxf8 24. h5 Rb8 25. h6 b3 26. hxg7+ Bxg7 27. cxb3 axb3 28. a3 d5 29. Bh6 c5 30. Bxg7+ Kxg7 31. Qe3 Qe6 32. g4 d4 33. Qh6+ Kh8 34. Rd2 c4 35. Qg6 Qe7 36. g5 c3 37. Rdh2 d3 38. Qxf6+ Qxf6 39. gxf6 d2+ 40. Kd1 Rb7 1-0

[Event "MVP-ch Seniors op 11th"]
[Site "Binz"]
[Date "2011.12.07"]
[Round "8.50"]
[White "Moews, Harald"]
[Black "Burckhardt, Karl"]
[Result "0-1"]
[WhiteElo "1607"]
[BlackElo "1774"]
[PlyCount "90"]
[EventDate "2011.11.30"]
[EventType "swiss"]
[EventRounds "9"]
[EventCountry "GER"]
[SourceTitle "EXT 2013"]
[Source "ChessBase"]
[SourceDate "2012.11.22"]
[SourceVersion "1"]
[SourceVersionDate "2012.11.22"]
[SourceQuality "1"]

1. e4 d6 2. d4 Nf6 3. f3 Nbd7 4. Bc4 e5 5. d5 Nxe4 6. Ne2 Qh4+ 7. g3 Nxg3 8. Nxg3 Qxc4 9. Na3 Qh4 10. Be3 Qb4+ 11. Kf2 c6 12. Rb1 Qh4 13. Kg2 Nf6 14. c4 Bh3+ 15. Kf2 Be7 16. Qb3 Bc8 17. Qa4 b5 18. Qb3 cxd5 19. cxd5 a6 20. Nc2 Bb7 21. Nb4 Qc4 22. Qxc4 bxc4 23. Nf5 g6 24. Nxe7 Kxe7 25. Rhd1 a5 26. Nc6+ Bxc6 27. dxc6 Rhc8 28. Rbc1 Rxc6 29. Rc2 Ke6 30. Rdc1 d5 31. b3 d4 32. Bg5 c3 33. Ke2 Nd5 34. a3 Rb6 35. Rb1 Rab8 36. b4 axb4 37. axb4 Nxb4 38. Rcc1 f5 39. Bh4 Kd5 40. Be7 Kc4 41. Ra1 d3+ 42. Kf1 d2 43. Rd1 Kd3 44. Ra3 Nc2 45. Bc5 Rb1 0-1

[Event "MVP-ch Seniors op 11th"]
[Site "Binz"]
[Date "2011.12.02"]
[Round "3.50"]
[White "Burckhardt, Karl"]
[Black "Schwarzwald, Holger"]
[Result "1/2-1/2"]
[WhiteElo "1774"]
[BlackElo "1532"]
[PlyCount "56"]
[EventDate "2011.11.30"]
[EventType "swiss"]
[EventRounds "9"]
[EventCountry "GER"]
[SourceTitle "EXT 2013"]
[Source "ChessBase"]
[SourceDate "2012.11.22"]
[SourceVersion "1"]
[SourceVersionDate "2012.11.22"]
[SourceQuality "1"]

1. e4 b6 2. d4 Bb7 3. Nc3 e6 4. Nf3 Bb4 5. Bd3 Nf6 6. Qe2 0-0 7. 0-0 Bxc3 8. bxc3 d6 9. Bg5 h6 10. Bh4 g5 11. Bg3 Nh5 12. Nd2 Nxg3 13. hxg3 f5 14. Qh5 Kg7 15. exf5 exf5 16. g4 Qf6 17. gxf5 Bd5 18. Rae1 Bf7 19. Qf3 d5 20. Re3 c5 21. dxc5 Qxc3 22. cxb6 Nc6 23. f6+ Qxf6 24. Qxf6+ Kxf6 25. b7 Rab8 26. Rb1 Kg7 27. Ba6 d4 28. Ree1 Bxa2 1/2-1/2

[Event "MVP-ch Seniors op 11th"]
[Site "Binz"]
[Date "2011.12.01"]
[Round "2.14"]
[White "Klages, Hans Juergen"]
[Black "Burckhardt, Karl"]
[Result "1-0"]
[WhiteElo "2053"]
[BlackElo "1774"]
[PlyCount "69"]
[EventDate "2011.11.30"]
[EventType "swiss"]
[EventRounds "9"]
[EventCountry "GER"]
[SourceTitle "EXT 2013"]
[Source "ChessBase"]
[SourceDate "2012.11.22"]
[SourceVersion "1"]
[SourceVersionDate "2012.11.22"]
[SourceQuality "1"]

1. e4 d6 2. d4 Nf6 3. Nc3 Nbd7 4. f4 e5 5. Nf3 exd4 6. Qxd4 Nb6 7. Be3 Be7 8. 0-0-0 Bg4 9. e5 dxe5 10. fxe5 Bxf3 11. gxf3 Qxd4 12. Bxd4 Nh5 13. Be3 g5 14. a4 c6 15. a5 Nd7 16. Bd4 Rg8 17. Bh3 Nc5 18. Bxc5 Bxc5 19. Ne4 Be3+ 20. Kb1 Kf8 21. Rd7 Nf4 22. Bf5 Nd5 23. Rxb7 Ne7 24. Bxh7 Rg7 25. Nf6 Nd5 26. Be4 Rd8 27. Bxd5 cxd5 28. Rd1 d4 29. Rxa7 d3 30. Rd7 dxc2+ 31. Kxc2 Rc8+ 32. Kb1 Rg6 33. Rd8+ Rxd8 34. Rxd8+ Kg7 35. Rg8+ 1-0

[Event "Hessen-ch Seniors op 05th"]
[Site "Bad Sooden-Allendorf"]
[Date "2009.05.03"]
[Round "9"]
[White "Burckhardt, Karl"]
[Black "Graffenberger, Wilhelm"]
[Result "1-0"]
[WhiteElo "1748"]
[BlackElo "1608"]
[PlyCount "97"]
[EventDate "2009.04.25"]
[EventType "swiss"]
[EventRounds "9"]
[EventCountry "GER"]
[SourceTitle "EXT 2022"]
[Source "ChessBase"]
[SourceDate "2021.10.06"]
[SourceVersion "1"]
[SourceVersionDate "2021.10.06"]
[SourceQuality "1"]

1. e4 c5 2. Bc4 Nc6 3. Nc3 Nf6 4. d3 e6 5. Nh3 h6 6. 0-0 Be7 7. Nf4 0-0 8. Re1 d6 9. Be3 Na5 10. Bb3 Nxb3 11. axb3 Bd7 12. Qf3 b5 13. Ra2 Bc6 14. Nh5 Nh7 15. Qg3 g5 16. h4 Kh8 17. hxg5 Rg8 18. f4 hxg5 19. f5 exf5 20. exf5 g4 21. Bf2 Bg5 22. Raa1 Qd7 23. Ne4 Bxe4 24. dxe4 Rae8 25. Rad1 Be7 26. Bxc5 Qc6 27. Bd4+ f6 28. Qc3 Qxc3 29. bxc3 a5 30. Ra1 Ra8 31. Kf2 Rg5 32. Rh1 Kg8 33. Be3 a4 34. Bxg5 Nxg5 35. Ke3 Nf7 36. Nf4 Bf8 37. Nd5 Bh6+ 38. Kd4 Bg5 39. bxa4 bxa4 40. Nb6 Ra7 41. Rxa4 Rxa4+ 42. Nxa4 Bf4 43. c4 Ne5 44. c5 Nc6+ 45. Kd5 Nb4+ 46. Ke6 Be5 47. cxd6 Nxc2 48. d7 Nd4+ 49. Kd5 1-0

[Event "Hessen-ch Seniors op 05th"]
[Site "Bad Sooden-Allendorf"]
[Date "2009.04.30"]
[Round "6"]
[White "Burckhardt, Karl"]
[Black "Fritsch, Wolfgang"]
[Result "1/2-1/2"]
[WhiteElo "1748"]
[BlackElo "1624"]
[PlyCount "32"]
[EventDate "2009.04.25"]
[EventType "swiss"]
[EventRounds "9"]
[EventCountry "GER"]
[SourceTitle "EXT 2022"]
[Source "ChessBase"]
[SourceDate "2021.10.06"]
[SourceVersion "1"]
[SourceVersionDate "2021.10.06"]
[SourceQuality "1"]

1. e4 e5 2. Bc4 Nf6 3. d3 Nc6 4. Bg5 Be7 5. Nf3 0-0 6. Nc3 d6 7. Qd2 a6 8. h3 Ne8 9. Bxe7 Qxe7 10. Nd5 Qd8 11. 0-0 Nf6 12. Nh2 Nxd5 13. exd5 Nd4 14. c3 Nf5 15. Nf3 h6 16. Qe2 Nh4 1/2-1/2

[Event "Hessen-ch Seniors op 05th"]
[Site "Bad Sooden-Allendorf"]
[Date "2009.04.29"]
[Round "5"]
[White "Burckhardt, Karl"]
[Black "Romanow, Werner"]
[Result "0-1"]
[WhiteElo "1748"]
[BlackElo "1972"]
[PlyCount "50"]
[EventDate "2009.04.25"]
[EventType "swiss"]
[EventRounds "9"]
[EventCountry "GER"]
[SourceTitle "EXT 2022"]
[Source "ChessBase"]
[SourceDate "2021.10.06"]
[SourceVersion "1"]
[SourceVersionDate "2021.10.06"]
[SourceQuality "1"]

1. e4 c5 2. Bc4 Nc6 3. Nc3 g6 4. Nf3 Bg7 5. 0-0 d6 6. d3 Nf6 7. Bg5 0-0 8. Qd2 Re8 9. Rfe1 Bg4 10. Qf4 Bxf3 11. gxf3 Qd7 12. Kg2 Nd4 13. Rac1 b5 14. Bb3 Nxb3 15. axb3 b4 16. Na4 Rab8 17. Bh6 Nh5 18. Qe3 e5 19. Bxg7 Kxg7 20. Qg5 Rf8 21. Nxc5 dxc5 22. Qxe5+ Kg8 23. Rg1 Rfe8 24. Qxc5 Nf4+ 25. Kh1 Ne2 0-1

[Event "Hessen-ch Seniors op 05th"]
[Site "Bad Sooden-Allendorf"]
[Date "2009.04.27"]
[Round "3"]
[White "Burckhardt, Karl"]
[Black "Bachmann, Rolf"]
[Result "0-1"]
[WhiteElo "1748"]
[BlackElo "1894"]
[PlyCount "44"]
[EventDate "2009.04.25"]
[EventType "swiss"]
[EventRounds "9"]
[EventCountry "GER"]
[SourceTitle "EXT 2022"]
[Source "ChessBase"]
[SourceDate "2021.10.06"]
[SourceVersion "1"]
[SourceVersionDate "2021.10.06"]
[SourceQuality "1"]

1. e4 c5 2. Bc4 Nc6 3. Nc3 e6 4. d3 a6 5. Nh3 Nf6 6. Nf4 Be7 7. 0-0 0-0 8. Re1 Qc7 9. Nfd5 exd5 10. exd5 Bd6 11. dxc6 Bxh2+ 12. Kh1 dxc6 13. Bg5 Be5 14. Qe2 Ng4 15. g3 b5 16. Bb3 h6 17. Bd2 Bd4 18. Bf4 Qd7 19. Ne4 Re8 20. Qf1 c4 21. c3 Rxe4 22. cxd4 Rxe1 0-1

[Event "Niedersachsen-ch Seniors op 11th"]
[Site "Bad Bevensen"]
[Date "2008.07.16"]
[Round "9"]
[White "Burckhardt, Karl"]
[Black "Roever, Ludwig"]
[Result "1/2-1/2"]
[WhiteElo "1783"]
[BlackElo "1700"]
[PlyCount "83"]
[EventDate "2008.07.08"]
[EventType "swiss"]
[EventRounds "9"]
[EventCountry "GER"]
[SourceTitle "EXT 2022"]
[Source "ChessBase"]
[SourceDate "2021.10.06"]
[SourceVersion "1"]
[SourceVersionDate "2021.10.06"]
[SourceQuality "1"]

1. e4 c6 2. d4 d5 3. e5 Bf5 4. Nf3 e6 5. Be3 Nd7 6. Nbd2 Ne7 7. Nb3 Qc7 8. Be2 a5 9. a4 f6 10. exf6 Nxf6 11. Ne5 Nd7 12. Nxd7 Qxd7 13. Nc5 Qc8 14. g4 Bg6 15. h4 Ng8 16. Nd3 Be4 17. f3 Bxd3 18. Qxd3 Bd6 19. f4 Qd7 20. g5 Qf7 21. Rf1 Qf5 22. Qd2 Ne7 23. 0-0-0 Kd7 24. Bd3 Qf7 25. Be2 g6 26. Bg4 Bb4 27. c3 Bd6 28. Rf3 Nf5 29. Qf2 h5 30. Bh3 Rhf8 31. Bd2 Rfb8 32. Bxf5 Qxf5 33. Qe2 Rf8 34. Re1 Rfe8 35. c4 dxc4 36. Qxc4 Qd5 37. Qb3 Qxb3 38. Rxb3 Kc7 39. Kc2 b6 40. Re4 Re7 41. Rbe3 Kd7 42. Re2 1/2-1/2

[Event "Niedersachsen-ch Seniors op 11th"]
[Site "Bad Bevensen"]
[Date "2008.07.14"]
[Round "7"]
[White "Burckhardt, Karl"]
[Black "Herzel, Alois"]
[Result "0-1"]
[WhiteElo "1783"]
[BlackElo "1763"]
[PlyCount "66"]
[EventDate "2008.07.08"]
[EventType "swiss"]
[EventRounds "9"]
[EventCountry "GER"]
[SourceTitle "EXT 2022"]
[Source "ChessBase"]
[SourceDate "2021.10.06"]
[SourceVersion "1"]
[SourceVersionDate "2021.10.06"]
[SourceQuality "1"]

1. e4 c5 2. Bc4 e6 3. Nc3 a6 4. d3 Nc6 5. Nh3 Nf6 6. Nf4 Qc7 7. 0-0 Ne5 8. Bb3 Bd6 9. g3 Ng6 10. Nh5 Nxh5 11. Qxh5 b5 12. Be3 Bb7 13. a3 0-0 14. f4 Ne7 15. g4 c4 16. Ba2 f5 17. Rf3 fxg4 18. Qxg4 Ng6 19. Raf1 Bc5 20. d4 Be7 21. Rh3 Rf7 22. Qh5 Nf8 23. f5 exf5 24. Rxf5 g6 25. Qg4 Rxf5 26. exf5 Qc6 27. d5 Qf6 28. Rf3 Qg7 29. Rg3 Bf6 30. Qe4 Qf7 31. fxg6 hxg6 32. Bd4 Re8 33. Qf4 Bxd4+ 0-1

[Event "Niedersachsen-ch Seniors op 11th"]
[Site "Bad Bevensen"]
[Date "2008.07.13"]
[Round "6"]
[White "Kampfrath, Siegfried"]
[Black "Burckhardt, Karl"]
[Result "1/2-1/2"]
[WhiteElo "1589"]
[BlackElo "1783"]
[PlyCount "43"]
[EventDate "2008.07.08"]
[EventType "swiss"]
[EventRounds "9"]
[EventCountry "GER"]
[SourceTitle "EXT 2022"]
[Source "ChessBase"]
[SourceDate "2021.10.06"]
[SourceVersion "1"]
[SourceVersionDate "2021.10.06"]
[SourceQuality "1"]

1. e4 d5 2. exd5 Nf6 3. c4 c6 4. d4 cxd5 5. c5 Nc6 6. a3 e5 7. Be3 exd4 8. Bxd4 Be7 9. Bb5 0-0 10. Bxc6 bxc6 11. f3 Nh5 12. Ne2 Bh4+ 13. g3 Bf6 14. 0-0 Re8 15. Nbc3 Ba6 16. Re1 Re6 17. Qd2 Qd7 18. g4 Bxd4+ 19. Nxd4 Rxe1+ 20. Rxe1 Nf6 21. g5 Ne8 22. Qe3 1/2-1/2

[Event "Niedersachsen-ch Seniors op 11th"]
[Site "Bad Bevensen"]
[Date "2008.07.10"]
[Round "3"]
[White "Burckhardt, Karl"]
[Black "Fleischer, Martin"]
[Result "0-1"]
[WhiteElo "1783"]
[BlackElo "1713"]
[PlyCount "120"]
[EventDate "2008.07.08"]
[EventType "swiss"]
[EventRounds "9"]
[EventCountry "GER"]
[SourceTitle "EXT 2022"]
[Source "ChessBase"]
[SourceDate "2021.10.06"]
[SourceVersion "1"]
[SourceVersionDate "2021.10.06"]
[SourceQuality "1"]

1. e4 e6 2. d4 d5 3. Nc3 Nf6 4. e5 Nfd7 5. Qg4 h6 6. Nf3 a6 7. Be3 Nc6 8. a3 b5 9. Bd3 Nb6 10. 0-0 Qe7 11. a4 b4 12. Ne2 Nc4 13. Bc1 N6a5 14. b3 Nb6 15. Bd2 Nc6 16. a5 Nd7 17. c3 bxc3 18. Bxc3 Rb8 19. Rfb1 Nb4 20. Ne1 Qg5 21. Qh3 h5 22. f4 Qg4 23. Qe3 h4 24. h3 Qh5 25. Nc2 Nxd3 26. Qxd3 g5 27. fxg5 Qxg5 28. Bd2 Qg7 29. b4 c6 30. Rf1 Be7 31. Rf4 Qh7 32. Qxh7 Rxh7 33. Rf3 f6 34. exf6 Nxf6 35. Bg5 Ne4 36. Bxe7 Kxe7 37. Nc3 Nxc3 38. Rxc3 Bd7 39. Rf1 Rg8 40. Rcf3 Be8 41. R1f2 Bg6 42. Ne3 Be4 43. Rf4 Rb8 44. Nc2 Kd6 45. Ne1 Rxb4 46. Ra2 Rxd4 47. Kf2 Rc4 48. Rf8 Ra7 49. Rh8 Bb1 50. Rb2 Bf5 51. Nf3 Rc2+ 52. Rxc2 Bxc2 53. Rxh4 c5 54. Rh6 d4 55. Ng5 Re7 56. h4 Bf5 57. Rf6 c4 58. h5 Ke5 59. Rf8 Rc7 60. Nf3+ Ke4 0-1

[Event "Niedersachsen-ch Seniors op 11th"]
[Site "Bad Bevensen"]
[Date "2008.07.09"]
[Round "2"]
[White "Adibekian, Roubik"]
[Black "Burckhardt, Karl"]
[Result "1-0"]
[WhiteElo "2116"]
[BlackElo "1783"]
[PlyCount "75"]
[EventDate "2008.07.08"]
[EventType "swiss"]
[EventRounds "9"]
[EventCountry "GER"]
[SourceTitle "EXT 2022"]
[Source "ChessBase"]
[SourceDate "2021.10.06"]
[SourceVersion "1"]
[SourceVersionDate "2021.10.06"]
[SourceQuality "1"]

1. d4 e5 2. dxe5 Nc6 3. Nf3 Qe7 4. Bf4 Qb4+ 5. Bd2 Qxb2 6. Nc3 Bb4 7. Rb1 Qa3 8. Rb3 Qa5 9. a3 Bxc3 10. Bxc3 Qc5 11. e4 Nge7 12. Be2 0-0 13. 0-0 Re8 14. Qa1 Ng6 15. e6 f6 16. Rb5 Qe7 17. exd7 Qxd7 18. Bc4+ Kh8 19. e5 Qg4 20. Bf7 Nf4 21. Ne1 Re7 22. f3 Qd7 23. Bc4 fxe5 24. Bxe5 Nxe5 25. Rxe5 Qe8 26. Rxe7 Qxe7 27. Qd4 Qg5 28. Kh1 Bf5 29. g3 Ne6 30. Qe5 Bh3 31. Qxg5 Nxg5 32. Rf2 Re8 33. Re2 Rxe2 34. Bxe2 Bf5 35. Kg1 Kg8 36. Kf2 Kf7 37. Ke3 Ne6 38. g4 1-0